000
00255nam a22001217a 4500
003
SGT
082
_a
823.92
_b
KIP
100
_a
KIPLING RUDYARD
245
_a
THE JUNGLE BOOKS
260
_a
ENGLAND
_b
PENGUIN PUB
_c
1994
300
_a
326
942
_2
ddc
_c
BK
999
_c
33573
_d
33573